000 00683nas a2200217 4500
001 BR7305998
003 BR-BrBNA
005 20231205082551.0
007 ta
008 230509b bl.|||p| |||| 00| 00por d
040 _aBR-BrBNA
_bpor
_cBiblioteca Nacional de Agricultura
041 _a(Pt)
072 _aH60
100 1 _aBlanco, H.G.
245 1 _aCatalogo das especies de mato infectantes de areas cultivadas no Brasil - Familia das "Guanxumas" (Malvaceae)
650 _aERVA DANINHA
650 _aMALVACEAE
773 0 _tBiologico (Brazil)
_xISSN 0366-0567
_g(sep 1976), v. 42(9-10) p. 185-200
_wBR7305998
909 _a202311
_bLúcia
_c55
_dLúcia Elande
942 _2AGRIS
_n0
_cANA
999 _c92848
_d92848